| 000 | 00522nam a2200193Ia 4500 | ||
|---|---|---|---|
| 005 | 20250508162501.0 | ||
| 008 | 008 250505s9999 xx 000 0 eng d | ||
| 037 | _aReference | ||
| 040 |
_aFEDL _beng _cFEDL |
||
| 041 |
_aeng _2eng |
||
| 084 |
_a370.1523, HOL/RR _qFEDL |
||
| 100 | _aHolt John | ||
| 245 | 0 | _aHow children fail | |
| 250 | _aRev. Edition | ||
| 260 |
_aHarmodsworth, UK _bPenguin books Ltd. _c1982 |
||
| 300 | _a298p | ||
| 942 |
_cREF _h370.1523, HOL/RR |
||
| 999 |
_c1376844 _d1376844 |
||